Statistics for 2018 FIFA World Cup Countries

Click here to take the quiz!

General Stats

  • This quiz has been taken 669 times
  • The average score is 28 of 32

Answer Stats

Hint Answer % Correct
England
96%
France
96%
CONMEBOLArgentina
96%
Brazil
96%
Germany
95%
Spain
95%
Russia
94%
Japan
93%
Portugal
93%
Mexico
93%
Sweden
92%
UEFABelgium
91%
Peru
90%
CAFEgypt
90%
Uruguay
89%
AFCAustralia
89%
South Korea
89%
Nigeria
88%
Colombia
88%
Panama
87%
Denmark
87%
Croatia
86%
Poland
85%
Switzerland
85%
Iran
83%
Senegal
83%
Iceland
82%
CONCACAFCosta Rica
80%
Morocco
78%
Serbia
78%
Saudi Arabia
78%
Tunisia
77%

Score Distribution

Percentile by Number Answered

Percent of People with Each Score

Your Score History

You have not taken this quiz